Fruit salad / (Record no. 2754)
[ view plain ]
| 000 -LEADER | |
|---|---|
| fixed length control field | 00776cam a22002657a 4500 |
| 005 - DATE AND TIME OF LATEST TRANSACTION | |
| control field | 20260114151354.0 |
| 020 ## - INTERNATIONAL STANDARD BOOK NUMBER | |
| International Standard Book Number | 0792284593 |
| 040 ## - CATALOGING SOURCE | |
| Original cataloging agency | XCX |
| Transcribing agency | XCX |
| Modifying agency | DLC |
| Language of cataloging | eng |
| 050 00 - LIBRARY OF CONGRESS CALL NUMBER | |
| Classification number | 372.21 |
| Item number | 2010 |
| 100 1# - MAIN ENTRY--PERSONAL NAME | |
| Personal name | Gibbs, Jephson |
| 245 10 - TITLE STATEMENT | |
| Title | Fruit salad / |
| Statement of responsibility, etc. | Gibbs, Jephson : illustrated by Adams, Seth |
| 250 ## - EDITION STATEMENT | |
| Edition statement | Published by Scholastic Inc |
| 260 ## - PUBLICATION, DISTRIBUTION, ETC. | |
| Place of publication, distribution, etc. | New York ; |
| Name of publisher, distributor, etc. | Scholastic, |
| Date of publication, distribution, etc. | 2010 |
| 300 ## - PHYSICAL DESCRIPTION | |
| Extent | 8 pages : |
| Other physical details | color illustrations ; |
| Dimensions | 19 cm . |
| 505 ## - FORMATTED CONTENTS NOTE | |
| Formatted contents note | AA <br/> |
| 520 ## - SUMMARY, ETC. | |
| Summary, etc. | A group of rabbits collect fruit to make a fruit salad. |
| 521 ## - TARGET AUDIENCE NOTE | |
| Target audience note | 40 <br/> |
| Source | Lexile <br/> |
| 521 ## - TARGET AUDIENCE NOTE | |
| Target audience note | AA <br/> |
| Source | Raz-Plus <br/> |
| 650 #0 - SUBJECT ADDED ENTRY--TOPICAL TERM | |
| Topical term or geographic name entry element | Salads |
| 650 #0 - SUBJECT ADDED ENTRY--TOPICAL TERM | |
| Topical term or geographic name entry element | Fruit. |
| 650 #0 - SUBJECT ADDED ENTRY--TOPICAL TERM | |
| Topical term or geographic name entry element | Readers (Primary). |
| 906 ## - LOCAL DATA ELEMENT F, LDF (RLIN) | |
| a | 7 |
| b | cbc |
| c | copycat |
| d | 2 |
| e | ncip |
| f | 20 |
| g | y-gencatlg |
| 942 ## - ADDED ENTRY ELEMENTS (KOHA) | |
| Source of classification or shelving scheme | Dewey Decimal Classification |
| Koha item type | Books |
| Suppress in OPAC | No |
| 999 ## - | |
| -- | 2754 |
| -- | 2754 |
| Withdrawn status | Lost status | Source of classification or shelving scheme | Damaged status | Not for loan | Collection | Home library | Current library | Shelving location | Date acquired | Total Checkouts | Full call number | Barcode | Date last seen | Date last checked out | Price effective from | Koha item type |
|---|---|---|---|---|---|---|---|---|---|---|---|---|---|---|---|---|
| Dewey Decimal Classification | Juvenile Fiction | Footprints International School Library Network Toul Tom Poung Campus | Footprints International School Library Network Toul Tom Poung Campus | 01/12/2024 | 4 | GIB 372.21 | FISTK02508 | 05/16/2025 | 05/08/2025 | 01/12/2024 | Books |
